[Event "BL 9091 Bielefeld-Bayern"]
[Site "?"]
[Date "1991.??.??"]
[Round "?.2"]
[White "Gruen, G."]
[Black "Ribli, Z."]
[Result "1/2-1/2"]
[WhiteElo "2360"]
[BlackElo "2595"]
[PlyCount "84"]
[EventDate "1991.??.??"]

1. d4 Nf6 2. Nf3 e6 3. c4 b6 4. g3 Ba6 5. b3 Bb4+ 6. Bd2 Be7 7. Bg2 d5 8. cxd5
Nxd5 9. Nc3 Nd7 10. Nxd5 exd5 11. O-O O-O 12. Rc1 Re8 13. Rc2 Nf6 14. Ne5 Bd6
15. Bf4 c5 16. Qa1 Rc8 17. Rfc1 h6 18. Bh3 Rc7 19. dxc5 bxc5 20. Nd3 c4 21.
Bxd6 Qxd6 22. bxc4 dxc4 23. Nf4 g5 24. Rd1 Qe7 25. Nd5 Nxd5 26. Rxd5 c3 27. Bf1
Bb7 28. Rd4 Qf6 29. Qd1 Be4 30. Rc1 Bf5 31. Bg2 Rxe2 32. Rd8+ Kh7 33. Qxe2 Qxd8
34. Qe5 Bg6 35. Rxc3 Re7 36. Qb5 Qd2 37. Rb3 Re2 38. Rf3 g4 39. Rf4 h5 40. h3
gxh3 41. Bxh3 Qxa2 42. Bf5 Qa1+ 1/2-1/2

[Event "BL 9091 Bielefeld-Bayern"]
[Site "?"]
[Date "1991.??.??"]
[Round "?.3"]
[White "Hjartarson, J."]
[Black "Beckemeyer, W."]
[Result "1-0"]
[WhiteElo "2535"]
[BlackElo "2360"]
[PlyCount "67"]
[EventDate "1991.??.??"]

1. e4 e5 2. Nf3 Nc6 3. Bb5 a6 4. Ba4 Nf6 5. O-O Nxe4 6. d4 b5 7. Bb3 d5 8. dxe5
Be6 9. Be3 Bc5 10. Qe2 O-O 11. Rd1 Bxe3 12. Qxe3 Na5 13. Nbd2 Nxd2 14. Rxd2 Nc4
15. Bxc4 bxc4 16. b3 Qb8 17. bxc4 dxc4 18. Nd4 Qb6 19. h3 Rad8 20. Rad1 Rd5 21.
Qg3 g6 22. Nxe6 Rxd2 23. Rxd2 Qxe6 24. Qc3 Re8 25. f4 Rb8 26. Rd4 h5 27. Rxc4
h4 28. Kh2 Qd5 29. Rxc7 Qxa2 30. Qe1 a5 31. Qxh4 a4 32. f5 gxf5 33. Qg5+ Kf8
34. c4 1-0

[Event "BL 9091 Bielefeld-Bayern"]
[Site "?"]
[Date "1991.??.??"]
[Round "?.4"]
[White "Panzer, P."]
[Black "Kindermann, S."]
[Result "0-1"]
[WhiteElo "2285"]
[BlackElo "2515"]
[PlyCount "66"]
[EventDate "1991.??.??"]

1. d4 Nf6 2. c4 g6 3. Nc3 Bg7 4. e4 d6 5. Bd3 O-O 6. Nge2 c5 7. d5 e6 8. h3
Nbd7 9. dxe6 fxe6 10. f4 Qe7 11. O-O b6 12. f5 Ne5 13. fxg6 Nxg6 14. Bg5 Bb7
15. Nf4 Nxf4 16. Rxf4 Rf7 17. Qc2 Qd7 18. Rh4 Ne8 19. Rf1 Bd4+ 20. Kh1 Rxf1+
21. Bxf1 Be5 22. Be2 Nf6 23. Bf3 Kh8 24. Bf4 Qe7 25. Qd2 Rg8 26. Bxe5 dxe5 27.
Nb5 a6 28. Nd6 Ne8 29. Nxe8 Qxh4 30. Qd7 Qe1+ 31. Kh2 Qg3+ 32. Kh1 Bxe4 33.
Qxe6 Rf8 0-1

[Event "BL 9091 Bielefeld-Bayern"]
[Site "?"]
[Date "1991.??.??"]
[Round "?.5"]
[White "Hertneck, G."]
[Black "Haskamp, S."]
[Result "1-0"]
[WhiteElo "2535"]
[BlackElo "2275"]
[PlyCount "77"]
[EventDate "1991.??.??"]

1. d4 g6 2. e4 Bg7 3. Nc3 c6 4. Bc4 d6 5. Qf3 e6 6. Nge2 Qe7 7. O-O Nd7 8. b3
e5 9. d5 c5 10. a4 a6 11. a5 Ngf6 12. Na4 O-O 13. Ba3 Ne8 14. b4 cxb4 15. Bxb4
f5 16. Qa3 f4 17. f3 h5 18. Ba2 g5 19. c4 Rf6 20. c5 Rg6 21. Rac1 Bf8 22. c6
Ndf6 23. Nb6 Rb8 24. Nd4 exd4 25. e5 Qxe5 26. Rfe1 Qxe1+ 27. Bxe1 Rg7 28. Bf2
d3 29. Qxd3 Rc7 30. Bd4 Bg7 31. Qg6 g4 32. Qg5 gxf3 33. gxf3 Bh3 34. Bb1 Kf8
35. Qxf4 Bh8 36. Kh1 Rf7 37. Bg6 Rg7 38. Rg1 Ke7 39. c7 1-0

[Event "BL 9091 Bielefeld-Bayern"]
[Site "?"]
[Date "1991.??.??"]
[Round "?.6"]
[White "Beilfuss, W."]
[Black "Hickl, J."]
[Result "1/2-1/2"]
[WhiteElo "2220"]
[BlackElo "2480"]
[PlyCount "105"]
[EventDate "1991.??.??"]

1. d4 Nf6 2. c4 d6 3. Nc3 Nbd7 4. e4 e5 5. Nf3 Be7 6. Be2 O-O 7. O-O c6 8. Qc2
Re8 9. Rd1 Qc7 10. h3 a6 11. Be3 b6 12. Rac1 Bb7 13. d5 Rac8 14. Qb1 Qb8 15. b4
h6 16. Nd2 c5 17. bxc5 bxc5 18. Qc2 Qc7 19. Rb1 Rb8 20. Nb3 Bc8 21. Bd2 Nf8 22.
Rb2 Bd7 23. Rdb1 N6h7 24. Bg4 Bxg4 25. hxg4 Bg5 26. Be1 Nf6 27. Qe2 Rb7 28. Nd1
Reb8 29. f3 h5 30. gxh5 Nxh5 31. g3 g6 32. Ne3 Nh7 33. Nf1 Bh6 34. Na5 Rxb2 35.
Rxb2 Ng5 36. Rxb8+ Qxb8 37. Nb3 Qc8 38. Nh2 Kh7 39. Ng4 f5 40. Nxh6 Kxh6 41.
Nd2 Qd7 42. Nf1 Qa4 43. Bd2 f4 44. gxf4 exf4 45. Bc1 Kh7 46. Kg2 Qd7 47. Nh2
Qh3+ 48. Kg1 Qg3+ 49. Kf1 Qh4 50. Qf2 Ng3+ 51. Kg2 Qh3+ 52. Kg1 Qh4 53. Kg2
1/2-1/2

[Event "BL 9091 Bielefeld-Bayern"]
[Site "?"]
[Date "1991.??.??"]
[Round "?.7"]
[White "Schlosser, P."]
[Black "Geveke, M."]
[Result "1/2-1/2"]
[WhiteElo "2465"]
[BlackElo "2320"]
[PlyCount "127"]
[EventDate "1991.??.??"]

1. d4 Nf6 2. c4 c5 3. d5 e6 4. Nc3 exd5 5. cxd5 d6 6. e4 g6 7. Nf3 Bg7 8. h3
O-O 9. Bd3 Na6 10. O-O Nc7 11. a4 a6 12. Bf4 Rb8 13. a5 b5 14. axb6 Rxb6 15.
Qd2 Bd7 16. Rfe1 Qb8 17. Rab1 Qb7 18. Bc4 Bb5 19. Ba2 Rd8 20. b4 cxb4 21. Rxb4
Be8 22. Rbb1 Rb4 23. e5 dxe5 24. Nxe5 a5 25. d6 Nb5 26. Nxf7 Bxf7 27. Bxf7+
Qxf7 28. Nxb5 Rxb1 29. Rxb1 Ne4 30. Qxa5 Rf8 31. Be3 Nxf2 32. Nc3 Nd3 33. Qd5
Ne5 34. Rb7 Qxd5 35. Nxd5 Rd8 36. Ne7+ Kf8 37. Bc5 Rd7 38. Rc7 Kf7 39. Nc6 Ke6
40. Nb8 Rf7 41. Rc8 Nd7 42. Re8+ Kd5 43. Re7 Rxe7 44. dxe7 Nf6 45. Nd7 Ne8 46.
Ba3 Be5 47. Nxe5 Kxe5 48. Kf2 Ke6 49. Ke3 Nf6 50. Kd4 Kf7 51. Ke5 Ng8 52. e8=R
Kxe8 53. Ke6 Nh6 54. g4 Nf7 55. Kf6 Nd8 56. Bc5 Nf7 57. g5 Nd8 58. h4 Nf7 59.
Kg7 Ne5 60. Kxh7 Kf7 61. Bf2 Nd7 62. Bd4 Nf8+ 63. Kh6 Ne6 64. Be5 1/2-1/2

[Event "BL 9091 Delmenhorst-München 36"]
[Site "?"]
[Date "1991.??.??"]
[Round "?.1"]
[White "Smejkal, J."]
[Black "Hausner, I."]
[Result "1-0"]
[WhiteElo "2535"]
[BlackElo "2445"]
[PlyCount "101"]
[EventDate "1991.??.??"]

1. c4 g6 2. d4 Bg7 3. Nf3 d6 4. Nc3 Nd7 5. g3 e5 6. Bg2 Ngf6 7. O-O O-O 8. e4
exd4 9. Nxd4 Re8 10. h3 Nc5 11. Re1 a5 12. Qc2 a4 13. Be3 c6 14. Rab1 Qe7 15.
Rbd1 Nfd7 16. b4 axb3 17. axb3 Na6 18. Na2 Nf6 19. b4 Nc7 20. Nc3 Ne6 21. Nde2
Nd7 22. f4 Nef8 23. Bf2 h5 24. Qd3 Nh7 25. Ra1 Rxa1 26. Rxa1 g5 27. Bd4 Ndf6
28. Rf1 h4 29. gxh4 gxf4 30. Nxf4 Nf8 31. Qg3 Kh7 32. Qg5 Bh8 33. Nfd5 cxd5 34.
Bxf6 Bxf6 35. Rxf6 Ng6 36. Nxd5 Qf8 37. h5 Ne5 38. Rxd6 Qxd6 39. Nf6+ Qxf6 40.
Qxf6 Re6 41. Qd8 Bd7 42. b5 b6 43. Qc7 Re8 44. Bf1 Re6 45. c5 bxc5 46. b6 Bc6
47. b7 Bxb7 48. Qxb7 Kh6 49. Be2 Kg5 50. Qd5 Kf4 51. Kf2 1-0

[Event "BL 9091 Delmenhorst-München 36"]
[Site "?"]
[Date "1991.??.??"]
[Round "?.2"]
[White "Borik, O."]
[Black "Stohl, I."]
[Result "1-0"]
[WhiteElo "2375"]
[BlackElo "2550"]
[PlyCount "61"]
[EventDate "1991.??.??"]

1. d4 Nf6 2. Nf3 g6 3. c4 Bg7 4. Nc3 d5 5. cxd5 Nxd5 6. e4 Nxc3 7. bxc3 c5 8.
Rb1 O-O 9. Qd2 b6 10. h4 Bg4 11. Nh2 Bc8 12. Nf3 Bb7 13. Qe3 h6 14. Bb2 e6 15.
Bd3 Nc6 16. O-O cxd4 17. cxd4 Qd7 18. Rfd1 Rfd8 19. Bb5 a6 20. Bxc6 Bxc6 21. d5
Bxb2 22. Rxb2 exd5 23. Rxb6 Qe8 24. e5 d4 25. Nxd4 Bd5 26. h5 Qa4 27. Rd2 Rab8
28. Rf6 Rb1+ 29. Kh2 Rd1 30. hxg6 Rxd2 31. Qxd2 1-0

[Event "BL 9091 Delmenhorst-München 36"]
[Site "?"]
[Date "1991.??.??"]
[Round "?.3"]
[White "Espig, L."]
[Black "Schlemermeyer, W."]
[Result "1/2-1/2"]
[WhiteElo "2440"]
[BlackElo "2330"]
[PlyCount "122"]
[EventDate "1991.??.??"]

1. Nf3 d6 2. d4 Nf6 3. Nc3 g6 4. e4 Bg7 5. h3 O-O 6. Be3 c6 7. a4 d5 8. Bd3
dxe4 9. Nxe4 Nxe4 10. Bxe4 c5 11. c3 Nd7 12. dxc5 Qc7 13. Qe2 Rb8 14. Qc4 b6
15. c6 Nf6 16. Bc2 Be6 17. Bf4 Bxc4 18. Bxc7 Rbc8 19. Bh2 Bd5 20. c7 Ne8 21.
O-O Nxc7 22. Rfd1 e6 23. Nd4 a6 24. Bd3 Bb7 25. Be2 Rfd8 26. Nc2 Nd5 27. Bf3
Ba8 28. Bg3 g5 29. Be2 Bb7 30. Bf1 h5 31. f3 g4 32. hxg4 hxg4 33. fxg4 Nf6 34.
Bf2 Nxg4 35. Bxb6 Rxd1 36. Rxd1 Be5 37. Be2 Be4 38. Bxg4 Bxc2 39. Re1 Bg3 40.
Re3 Bf4 41. Rf3 Rc4 42. Rf2 Bd3 43. Rf3 Bc2 44. Bh5 f5 45. a5 e5 46. Rf2 Bd3
47. Be2 Bxe2 48. Rxe2 Kf7 49. Kf2 Ke6 50. Rc2 Ra4 51. c4 Kd6 52. g3 Bg5 53. g4
Bh4+ 54. Kf3 fxg4+ 55. Kxg4 Be1 56. Kf5 Bxa5 57. Bxa5 Rxa5 58. Rd2+ Kc6 59. b4
Ra4 60. Rb2 Kd6 61. Rb1 a5 1/2-1/2

[Event "BL 9091 Delmenhorst-München 36"]
[Site "?"]
[Date "1991.??.??"]
[Round "?.4"]
[White "Wesseln, K."]
[Black "Enders, P."]
[Result "0-1"]
[WhiteElo "2360"]
[BlackElo "2495"]
[PlyCount "94"]
[EventDate "1991.??.??"]

1. d4 Nf6 2. c4 e6 3. Nc3 Bb4 4. g3 O-O 5. Bg2 d5 6. Nf3 dxc4 7. O-O Nc6 8. Re1
Rb8 9. e4 b5 10. e5 Nd5 11. Ng5 h6 12. Nge4 Be7 13. a3 f5 14. exf6 Bxf6 15.
Nxf6+ Rxf6 16. Qh5 Nxc3 17. bxc3 Ne7 18. Qc5 Nd5 19. Qxa7 Bb7 20. Bd2 Qf8 21.
Rf1 Bc6 22. Qc5 Qxc5 23. dxc5 Rd8 24. Rfd1 Kf7 25. Bf4 Rc8 26. Be5 Rf5 27. f4
g5 28. Be4 gxf4 29. Bxf5 exf5 30. gxf4 Ne3 31. Rd2 Rg8+ 32. Kf2 Ng4+ 33. Kf1
Nxe5 34. fxe5 Ke6 35. Re1 Be4 36. Re3 Kxe5 37. Rd7 Kf4 38. Rg3 Ra8 39. Rxc7
Rxa3 40. Rd7 b4 41. cxb4 Rb3 42. Ke1 Rxb4 43. Kd2 Rb5 44. Rc7 Ke5 45. Rg6 Rb2+
46. Kc3 Rb3+ 47. Kd2 c3+ 0-1

[Event "BL 9091 Delmenhorst-München 36"]
[Site "?"]
[Date "1991.??.??"]
[Round "?.6"]
[White "Derikum, A."]
[Black "Roese, O."]
[Result "1-0"]
[WhiteElo "2320"]
[BlackElo "2385"]
[PlyCount "103"]
[EventDate "1991.??.??"]

1. c4 e5 2. Nc3 Nc6 3. Nf3 Nf6 4. e3 Bb4 5. Qc2 O-O 6. Nd5 Re8 7. Bd3 h6 8. O-O
Bf8 9. a3 d6 10. Nxf6+ Qxf6 11. Be4 g6 12. b4 Qe7 13. Bb2 f5 14. Bd5+ Be6 15.
e4 f4 16. d4 exd4 17. Nxd4 Nxd4 18. Bxd4 Bxd5 19. exd5 Qe4 20. Qc3 Qf5 21. Rae1
Kf7 22. a4 a6 23. a5 Rxe1 24. Rxe1 Re8 25. Rxe8 Kxe8 26. h3 Kf7 27. Kh2 Be7 28.
Qf3 Bf6 29. Bxf6 Kxf6 30. b5 g5 31. Qh5 Ke5 32. Qxh6 Kd4 33. bxa6 bxa6 34. Qg7+
Qe5 35. Qxc7 f3+ 36. g3 Qe2 37. Qb6+ Kxc4 38. Qxa6+ Kxd5 39. Qb6 Ke6 40. a6 Qf1
41. Qe3+ Kd7 42. Qxf3 Qxa6 43. Qf5+ Kc6 44. Qxg5 Qe2 45. Qe3 Qd1 46. h4 d5 47.
Qe8+ Kc5 48. h5 d4 49. Qf8+ Kb5 50. Qf5+ Kc4 51. h6 Qd2 52. h7 1-0

[Event "BL 9091 Delmenhorst-München 36"]
[Site "?"]
[Date "1991.??.??"]
[Round "?.7"]
[White "Goetz, R."]
[Black "Ditt, E."]
[Result "1-0"]
[WhiteElo "2350"]
[BlackElo "2285"]
[PlyCount "132"]
[EventDate "1991.??.??"]

1. e4 g6 2. d4 Bg7 3. Nf3 d6 4. Bg5 c6 5. c3 Bg4 6. Nbd2 h6 7. Bh4 g5 8. Bg3
Bh5 9. Be2 Bg6 10. e5 d5 11. e6 fxe6 12. Ne5 Bxe5 13. dxe5 h5 14. h3 Qb6 15.
Nb3 h4 16. Bh2 Nh6 17. Qd2 Nf7 18. Nd4 c5 19. Nf3 Nd7 20. Nxg5 Ndxe5 21. O-O
Bf5 22. Nxf7 Nxf7 23. a4 c4 24. a5 Qc5 25. Bf3 Rg8 26. Kh1 Ng5 27. Bh5+ Kd7 28.
f3 Nh7 29. Bg4 Raf8 30. Qh6 Bxg4 31. Qxh7 Bf5 32. Qxh4 Bd3 33. Qf2 Qc6 34. Rfe1
a6 35. Re5 Rg6 36. Qb6 Qxb6 37. axb6 Kc6 38. Rae1 Rff6 39. Bg1 Kd7 40. Bd4 Rf7
41. R5e3 Rh7 42. Kh2 Rgh6 43. Re5 Bf5 44. Bf2 Kd6 45. R5e3 Kd7 46. h4 Rf7 47.
Kg1 Rhf6 48. Re5 Kd6 49. Bd4 Rh6 50. g3 Kd7 51. Kg2 Rfh7 52. Rh1 Bg6 53. Be3
Rh5 54. Bg5 Rg7 55. g4 Rh8 56. h5 Bf7 57. Be3 Rgh7 58. Bd4 Rg8 59. Kf2 Kd6 60.
Ke3 Kc6 61. Kf4 Kd6 62. Rhe1 Kd7 63. Rg5 Rf8 64. Kg3 Kd6 65. Kh4 Be8 66. Re3
Bf7 1-0

[Event "BL 9091 Delmenhorst-München 36"]
[Site "?"]
[Date "1991.??.??"]
[Round "?.8"]
[White "Stern, R."]
[Black "Reich, T."]
[Result "1/2-1/2"]
[WhiteElo "2370"]
[BlackElo "2410"]
[PlyCount "123"]
[EventDate "1991.??.??"]

1. d4 Nf6 2. c4 g6 3. Nf3 Bg7 4. g3 O-O 5. Bg2 d6 6. O-O Nbd7 7. Nc3 c6 8. e4
e5 9. h3 Qc7 10. Be3 Re8 11. Qc2 b6 12. Rfe1 Bb7 13. Rad1 a6 14. a3 exd4 15.
Nxd4 c5 16. Nde2 Re7 17. g4 Rae8 18. Ng3 Ne5 19. b3 h6 20. Qd2 Nc6 21. Bxh6 Nd4
22. Bxg7 Kxg7 23. Nce2 Nxe2+ 24. Qxe2 Kg8 25. Qd3 d5 26. cxd5 Nxd5 27. Qd2 Nf4
28. Qd6 b5 29. Qxc7 Rxc7 30. Re3 c4 31. bxc4 bxc4 32. Rc1 Rd8 33. Rec3 Rd4 34.
Bf1 Bc8 35. f3 Rd2 36. Rxc4 Rxc4 37. Rxc4 Be6 38. Ra4 Kg7 39. Rxa6 Kf6 40. Nf5
gxf5 41. gxf5 Kg5 42. fxe6 fxe6 43. Ra8 Ng6 44. Bg2 Kf4 45. Kh2 Nh4 46. Rf8+
Ke3 47. Rg8 Kf2 48. f4 Nf3+ 49. Bxf3 Kxf3+ 50. Kh1 Kxf4 51. Rg4+ Kf3 52. e5 Re2
53. Rg5 Re1+ 54. Kh2 Re2+ 55. Kh1 Re1+ 56. Rg1 Rxe5 57. a4 Ra5 58. Ra1 e5 59.
Ra3+ Kf2 60. Ra2+ Kf3 61. Ra3+ Kf2 62. Ra2+ 1/2-1/2

[Event "BL 9091 Bayern-Delmenhorst"]
[Site "?"]
[Date "1991.??.??"]
[Round "?.1"]
[White "Hausner, I."]
[Black "Huebner, R."]
[Result "1/2-1/2"]
[WhiteElo "2445"]
[BlackElo "2620"]
[PlyCount "60"]
[EventDate "1991.??.??"]

1. d4 f5 2. g3 Nf6 3. Bg2 e6 4. Nf3 Be7 5. O-O O-O 6. c4 c6 7. Nc3 d5 8. b3 Bd7
9. Bb2 Be8 10. e3 h6 11. Ne5 Nbd7 12. Ne2 Bf7 13. Nf4 Nxe5 14. dxe5 Ne4 15.
cxd5 cxd5 16. Rc1 Qa5 17. a3 Rfc8 18. b4 Qb6 19. Qe2 a5 20. Bd4 Qd8 21. g4 axb4
22. axb4 Rxc1 23. Rxc1 Rc8 24. Rxc8 Qxc8 25. gxf5 exf5 26. Qb2 g5 27. Nd3 g4
28. Nf4 Kh7 29. Bxe4 dxe4 30. Bc5 Bg5 1/2-1/2

[Event "BL 9091 Bayern-Delmenhorst"]
[Site "?"]
[Date "1991.??.??"]
[Round "?.2"]
[White "Ribli, Z."]
[Black "Borik, O."]
[Result "1/2-1/2"]
[WhiteElo "2595"]
[BlackElo "2375"]
[PlyCount "96"]
[EventDate "1991.??.??"]

1. Nf3 d5 2. d4 c5 3. c4 cxd4 4. cxd5 Nf6 5. Qxd4 Qxd5 6. Nc3 Qxd4 7. Nxd4 a6
8. e4 e5 9. Nb3 Nc6 10. Be3 Be6 11. Nc5 Nd4 12. Nxe6 fxe6 13. Bd3 Bc5 14. h3
O-O 15. O-O Nh5 16. Rfd1 Nf4 17. Bf1 Rac8 18. Rac1 Rc6 19. Kh1 Rfc8 20. g3 Nh5
21. Kg2 Nf6 22. Bd3 Bb4 23. Nb1 Nc2 24. Bxc2 Rxc2 25. Kf3 R8c6 26. a3 Be7 27.
b4 Kf7 28. Rxc2 Rxc2 29. Rc1 Rxc1 30. Bxc1 Nd7 31. Be3 Nb8 32. Nd2 Nc6 33. Ke2
Ke8 34. Bb6 Bd8 35. Bxd8 Kxd8 36. Kd3 Kc7 37. Nb3 b6 38. Kc4 Na7 39. a4 Nc8 40.
Kd3 Ne7 41. a5 bxa5 42. bxa5 Kd6 43. Kc4 Nc6 44. h4 g6 45. g4 h6 46. Kc3 Nd4
47. Nxd4 exd4+ 48. Kxd4 e5+ 1/2-1/2

[Event "BL 9091 Bayern-Delmenhorst"]
[Site "?"]
[Date "1991.??.??"]
[Round "?.3"]
[White "Schlemermeyer, W."]
[Black "Hjartarson, J."]
[Result "0-1"]
[WhiteElo "2330"]
[BlackElo "2535"]
[PlyCount "90"]
[EventDate "1991.??.??"]

1. d4 Nf6 2. c4 g6 3. Nf3 Bg7 4. g3 c6 5. Bg2 d5 6. cxd5 cxd5 7. Nc3 Ne4 8. O-O
Nc6 9. e3 Nxc3 10. bxc3 O-O 11. Nd2 Na5 12. Ba3 Be6 13. Qa4 Re8 14. Bb4 Nc6 15.
Nb3 Nxb4 16. cxb4 Bd7 17. Qa5 e6 18. Qxd8 Rexd8 19. Rfc1 b6 20. Bf1 Bf8 21. a3
Ba4 22. Rab1 a5 23. bxa5 Bxa3 24. Rc2 bxa5 25. Ra2 Bxb3 26. Rxa3 Bc2 27. Rc1
Be4 28. Be2 Rdb8 29. f3 Rb2 30. fxe4 Rxe2 31. exd5 exd5 32. Rca1 Rb8 33. Rxa5
Rbb2 34. Rxd5 Rg2+ 35. Kf1 Rxh2 36. Kg1 Rbg2+ 37. Kf1 Rxg3 38. Ra8+ Kg7 39. Re8
h5 40. Rde5 h4 41. Re4 g5 42. d5 h3 43. d6 Rd2 44. Rd4 Rxd4 45. exd4 h2 0-1

[Event "BL 9091 Bayern-Delmenhorst"]
[Site "?"]
[Date "1991.??.??"]
[Round "?.4"]
[White "Kindermann, S."]
[Black "Wesseln, K."]
[Result "1/2-1/2"]
[WhiteElo "2515"]
[BlackElo "2360"]
[PlyCount "35"]
[EventDate "1991.??.??"]

1. e4 d5 2. exd5 Nf6 3. d4 Nxd5 4. Nf3 g6 5. Be2 Bg7 6. O-O O-O 7. c4 Nb6 8.
Nc3 Nc6 9. d5 Ne5 10. Nxe5 Bxe5 11. Bh6 Re8 12. Qd2 e6 13. f4 Bh8 14. Rad1 exd5
15. c5 Nd7 16. Nxd5 Nf6 17. Bf3 c6 18. Nxf6+ 1/2-1/2

[Event "BL 9091 Bayern-Delmenhorst"]
[Site "?"]
[Date "1991.??.??"]
[Round "?.6"]
[White "Hickl, J."]
[Black "Derikum, A."]
[Result "1-0"]
[WhiteElo "2480"]
[BlackElo "2320"]
[PlyCount "49"]
[EventDate "1991.??.??"]

1. g3 d5 2. Bg2 Nf6 3. Nf3 g6 4. c4 c6 5. b3 Bg7 6. Bb2 O-O 7. O-O a5 8. a3 Na6
9. Qc2 b6 10. d3 Bb7 11. Nbd2 c5 12. cxd5 Nxd5 13. Bxg7 Kxg7 14. Rac1 Rb8 15.
Rfd1 e6 16. Qb2+ Qf6 17. Ne5 Kg8 18. Ndc4 Qe7 19. e4 Nf6 20. Nxb6 Bxe4 21. Bxe4
Rxb6 22. Nc6 Rxc6 23. Bxc6 Nb8 24. Bg2 Nbd7 25. Qc3 1-0

[Event "BL 9091 Bayern-Delmenhorst"]
[Site "?"]
[Date "1991.??.??"]
[Round "?.7"]
[White "Ditt, E."]
[Black "Schlosser, P."]
[Result "0-1"]
[WhiteElo "2285"]
[BlackElo "2465"]
[PlyCount "60"]
[EventDate "1991.??.??"]

1. c4 Nf6 2. Nc3 c5 3. g3 e6 4. e4 d5 5. e5 Ne4 6. cxd5 exd5 7. Bg2 Nc6 8. Qa4
Bd7 9. Nxd5 Nb4 10. Qb3 c4 11. Qxc4 Rc8 12. Qxe4 Nc2+ 13. Kd1 Nxa1 14. Ne2 Bc5
15. d4 Bb6 16. Ndc3 O-O 17. Bd2 Ba5 18. d5 b5 19. b4 Rc4 20. Qb1 Bxb4 21. Qxa1
Qb6 22. Be3 Qa5 23. Kd2 Rfc8 24. Rc1 Ba3 25. Rc2 b4 26. Nd4 Rxc3 27. Rxc3 bxc3+
28. Kd3 c2 29. Nb3 Qb4 30. Ke2 Qc4+ 0-1

[Event "BL 9091 Bayern-Delmenhorst"]
[Site "?"]
[Date "1991.??.??"]
[Round "?.8"]
[White "Stangl, M."]
[Black "Stern, R."]
[Result "1-0"]
[WhiteElo "2480"]
[BlackElo "2370"]
[PlyCount "89"]
[EventDate "1991.??.??"]

1. Nf3 d5 2. c4 e6 3. g3 Nf6 4. Bg2 Be7 5. O-O O-O 6. d4 dxc4 7. Qc2 a6 8. Qxc4
b5 9. Qc2 Bb7 10. Bf4 Bd6 11. Nbd2 Bxf4 12. gxf4 Qd6 13. e3 Nbd7 14. Nb3 Be4
15. Qc3 Rac8 16. Rfc1 Nd5 17. Qd2 c5 18. dxc5 Nxc5 19. Nxc5 Rxc5 20. Qd4 Rxc1+
21. Rxc1 Qb4 22. a3 Qxd4 23. Nxd4 Bxg2 24. Kxg2 Rb8 25. Rc6 Kf8 26. Kf3 Ke8 27.
Nb3 Ne7 28. Rc7 Rc8 29. Ra7 Rc2 30. Rxa6 Rxb2 31. Ra8+ Kd7 32. Ra7+ Ke8 33. Nd4
Nd5 34. Nc6 Ra2 35. Ra8+ Kd7 36. Ne5+ Kc7 37. Ra7+ Kb8 38. Nc6+ Kc8 39. Rxf7
Rxa3 40. Na7+ Kb8 41. Nxb5 Rb3 42. Nd4 Rb7 43. Rxb7+ Kxb7 44. Nxe6 g6 45. Nf8
1-0

[Event "BL 9091 München 36-Bielefeld"]
[Site "?"]
[Date "1991.??.??"]
[Round "?.1"]
[White "Pieper Emden, C."]
[Black "Smejkal, J."]
[Result "0-1"]
[WhiteElo "2405"]
[BlackElo "2535"]
[PlyCount "54"]
[EventDate "1991.??.??"]

1. d4 Nf6 2. c4 g6 3. Nc3 d5 4. Nf3 Bg7 5. Qb3 dxc4 6. Qxc4 O-O 7. e4 Bg4 8.
Be3 Nfd7 9. Rd1 Nb6 10. Qb3 Nc6 11. d5 Ne5 12. Be2 Nxf3+ 13. gxf3 Bh5 14. f4
Bxe2 15. Kxe2 Qc8 16. Rhg1 c6 17. d6 exd6 18. Rxd6 Qh3 19. Rg5 Rfd8 20. Rxd8+
Rxd8 21. f5 Qxh2 22. fxg6 hxg6 23. a4 Qd6 24. Kf3 Bh6 25. Rg1 Bxe3 26. fxe3 Nd7
27. Rd1 Qh2 0-1

[Event "BL 9091 München 36-Bielefeld"]
[Site "?"]
[Date "1991.??.??"]
[Round "?.2"]
[White "Stohl, I."]
[Black "Gruen, G."]
[Result "1/2-1/2"]
[WhiteElo "2550"]
[BlackElo "2360"]
[PlyCount "57"]
[EventDate "1991.??.??"]

1. d4 Nf6 2. c4 e6 3. Nf3 Bb4+ 4. Nbd2 O-O 5. a3 Be7 6. e4 d5 7. e5 Nfd7 8.
cxd5 exd5 9. b4 a5 10. b5 c5 11. Bd3 c4 12. Bc2 a4 13. h4 h6 14. g4 Nc5 15.
dxc5 Bxg4 16. Rg1 h5 17. Rxg4 hxg4 18. Nd4 Nd7 19. Qxg4 Nxe5 20. Qf5 Nd3+ 21.
Bxd3 cxd3 22. Qxd3 Bxc5 23. N2f3 Re8+ 24. Be3 Bxd4 25. Nxd4 Qxh4 26. O-O-O
Rac8+ 27. Kb1 Qe4 28. Nf5 Rc3 29. Qxe4 1/2-1/2

[Event "BL 9091 München 36-Bielefeld"]
[Site "?"]
[Date "1991.??.??"]
[Round "?.3"]
[White "Beckemeyer, W."]
[Black "Espig, L."]
[Result "1/2-1/2"]
[WhiteElo "2360"]
[BlackElo "2440"]
[PlyCount "136"]
[EventDate "1991.??.??"]

1. d4 Nf6 2. c4 d6 3. Nc3 Nbd7 4. Nf3 e5 5. e4 Be7 6. Be2 O-O 7. O-O c6 8. Qc2
a6 9. Rd1 Qc7 10. b4 b5 11. a4 bxc4 12. Bxc4 exd4 13. Nxd4 Ne5 14. Be2 Bb7 15.
Nf5 Rfc8 16. Bg5 Bf8 17. Rac1 Ne8 18. Qd2 f6 19. Be3 Qf7 20. a5 d5 21. f4 Ng6
22. Qb2 Nd6 23. Ng3 Re8 24. Qc2 Kh8 25. Bh5 f5 26. e5 Nc4 27. Bd4 Bc8 28. Na2
Be6 29. Qf2 Reb8 30. Bc5 Rb5 31. Bxf8 Qxf8 32. Bxg6 hxg6 33. Ne2 c5 34. Nec3
Rb7 35. Nxd5 cxb4 36. Rxc4 b3 37. Nac3 Qa3 38. Nb1 Qxa5 39. Rcd4 Kg8 40. Ndc3
Qc7 41. Rd6 Kf7 42. Na4 Rc8 43. Rxa6 Qc2 44. Rad6 Rb4 45. Nac3 Qxf2+ 46. Kxf2
Rxf4+ 47. Ke3 Rfc4 48. Kd2 R4c5 49. Re1 Ra8 50. Rb6 Raa5 51. Rb7+ Kf8 52. Rb8+
Kf7 53. Rb7+ Kf8 54. Re3 Rxe5 55. Rxe5 Rxe5 56. Rb5 Rxb5 57. Nxb5 Ke7 58. g3
Kf6 59. Nd4 Bf7 60. Ke3 g5 61. Nd2 f4+ 62. gxf4 gxf4+ 63. Kxf4 b2 64. Nb5 g5+
65. Ke3 Bg6 66. Na3 Bf5 67. Kd4 g4 68. Ne4+ Bxe4 1/2-1/2

[Event "BL 9091 München 36-Bielefeld"]
[Site "?"]
[Date "1991.??.??"]
[Round "?.4"]
[White "Enders, P."]
[Black "Panzer, P."]
[Result "1-0"]
[WhiteElo "2495"]
[BlackElo "2285"]
[PlyCount "91"]
[EventDate "1991.??.??"]

1. e4 e5 2. Nf3 Nf6 3. d4 Nxe4 4. Bd3 d5 5. Nxe5 Bd6 6. O-O O-O 7. c4 Bxe5 8.
dxe5 Nc6 9. cxd5 Qxd5 10. Qc2 Nb4 11. Bxe4 Nxc2 12. Bxd5 Bf5 13. g4 Bxg4 14.
Be4 Nxa1 15. Nc3 f5 16. exf6 Rfe8 17. Bf4 Rxe4 18. Nxe4 Nc2 19. f3 Be6 20. Rc1
Nd4 21. Kf2 Nc6 22. fxg7 Kxg7 23. Rg1+ Kf7 24. Ng5+ Kf6 25. Nxe6 Kxe6 26. Rg7
Nb4 27. Bxc7 Nd3+ 28. Ke3 Nxb2 29. Rxh7 b5 30. Ke4 Na4 31. Rh6+ Kd7 32. Be5 Rc8
33. h4 Nc3+ 34. Kf5 b4 35. Rh7+ Kc6 36. Rxa7 Rf8+ 37. Kg4 Kd5 38. Ra5+ Ke6 39.
f4 Rg8+ 40. Kf3 Nd5 41. h5 Rg1 42. h6 Rh1 43. Bg7 Ne7 44. Kg2 Rh4 45. f5+ Kf7
46. Ra7 1-0

[Event "BL 9091 München 36-Bielefeld"]
[Site "?"]
[Date "1991.??.??"]
[Round "?.6"]
[White "Roese, O."]
[Black "Beilfuss, W."]
[Result "1/2-1/2"]
[WhiteElo "2385"]
[BlackElo "2220"]
[PlyCount "121"]
[EventDate "1991.??.??"]

1. e4 c5 2. Nf3 e6 3. d4 cxd4 4. Nxd4 a6 5. Nc3 Qc7 6. Be2 b5 7. f4 Bb7 8. Bf3
b4 9. Na4 Nf6 10. Qe2 d6 11. O-O Be7 12. a3 bxa3 13. b3 O-O 14. Bxa3 Nc6 15.
Rfd1 Rac8 16. Rac1 Rfd8 17. Qe3 Bf8 18. Ne2 Rb8 19. Rd2 Ba8 20. Rcd1 Nb4 21. c3
Nc6 22. c4 Na5 23. Rd3 Bc6 24. Nb2 Ba8 25. Ng3 h6 26. Rc1 Nc6 27. Qd2 e5 28.
Nf5 exf4 29. Qxf4 Ne5 30. Re3 Nh7 31. Kh1 Ng5 32. Nd4 Re8 33. Rce1 g6 34. Na4
Bg7 35. Rd1 Rbd8 36. Nc3 Qb6 37. Nd5 Bxd5 38. exd5 Nexf3 39. Rxe8+ Rxe8 40.
Nxf3 Qxb3 41. Rf1 Re4 42. Qxd6 Nxf3 43. gxf3 Rxc4 44. Kg2 Rd4 45. Qxa6 Rxd5 46.
Bd6 Kh7 47. Bg3 h5 48. Rf2 Rd1 49. Qa2 Qb7 50. Rd2 Rxd2+ 51. Qxd2 Bf6 52. Qf4
Kg7 53. Qe4 Qxe4 54. fxe4 g5 55. h3 Bd4 56. Kf3 Kf6 57. Be1 Be5 58. Bd2 Kg6 59.
Be3 f6 60. Bc5 Kf7 61. Bb4 1/2-1/2

[Event "BL 9091 München 36-Bielefeld"]
[Site "?"]
[Date "1991.??.??"]
[Round "?.7"]
[White "Geveke, M."]
[Black "Goetz, R."]
[Result "0-1"]
[WhiteElo "2320"]
[BlackElo "2350"]
[PlyCount "44"]
[EventDate "1991.??.??"]

1. Nf3 c5 2. c4 Nf6 3. g3 Nc6 4. Nc3 d5 5. cxd5 Nxd5 6. Bg2 Nc7 7. a3 g6 8. Na4
b6 9. b4 Bg7 10. Bb2 Bxb2 11. Nxb2 cxb4 12. axb4 O-O 13. h4 h5 14. Nd3 Qd6 15.
Rc1 Bd7 16. Qb3 Rac8 17. Qb2 Nb5 18. Ng5 Nxb4 19. Nxb4 Qxb4 20. Qa1 Rxc1+ 21.
Qxc1 Nd4 22. Be4 Rc8 0-1